|
|
|
|
| LEADER |
01777cas a2200253 a 4500 |
| 001 |
AALejournalIMF000255 |
| 008 |
230101c9999 xx r poo 0 0eng d |
| 020 |
|
|
|c 5.00 USD
|
| 020 |
|
|
|z 9781451848120
|
| 022 |
|
|
|a 1018-5941
|
| 040 |
|
|
|a BD-DhAAL
|c BD-DhAAL
|
| 100 |
1 |
|
|a Davis, Jeffrey.
|
| 245 |
1 |
0 |
|a Fiscal Transition in Countries of the Former Soviet Union :
|b An Interim Assessment /
|c Jeffrey Davis, A Cheasty.
|
| 264 |
|
1 |
|a Washington, D.C. :
|b International Monetary Fund,
|c 1996.
|
| 300 |
|
|
|a 1 online resource (36 pages)
|
| 490 |
1 |
|
|a IMF Working Papers
|
| 500 |
|
|
|a <strong>Off-Campus Access:</strong> No User ID or Password Required
|
| 500 |
|
|
|a <strong>On-Campus Access:</strong> No User ID or Password Required
|
| 506 |
|
|
|a Electronic access restricted to authorized BRAC University faculty, staff and students
|
| 520 |
3 |
|
|a This paper reviews the uneven record of fiscal performance in the states of the former Soviet Union since independence. Deficits have come down rapidly, an important contribution to stabilization. Given, however, the unexpectedly severe revenue decline and limited financing, the stabilization was reached by sharp cuts in expenditure. The cuts were abrupt and not focused on transition goals, and the instruments used vitiated normal budgetary processes. Hence, benchmarks of fiscal success other than stabilization are elusive. Government intervention and subsidies remain important, social spending is inefficient, and there is little evidence in the budget of restructuring.
|
| 538 |
|
|
|a Mode of access: Internet
|
| 700 |
1 |
|
|a Cheasty, A.
|
| 830 |
|
0 |
|a IMF Working Papers; Working Paper ;
|v No. 1996/061
|
| 856 |
4 |
0 |
|z Full text available on IMF
|u http://elibrary.imf.org/view/journals/001/1996/061/001.1996.issue-061-en.xml
|z IMF e-Library
|